00851nam a22002297a 450000500170000001000150001702000270003203500140005903700090007308200140008210000350009624501050013126000420023627000610027830000200033949000180035950000180037770000430039594200280043899900190046695201360048520240521155410.0 aENG-140435 a9789392038587c1895.00 aEN-123967 bDBAD a577.09541 aMaujmdar, Hemen Chandra966669 aBiological Spectrum Of Northeast India:bAnnual Bioscience Communication/cby Hemen Chandra Maujmdar aGuwahati, AssambEBH Publishersc2023 a136, M.L. Nehru Road, Panbazar bGuwahati, Assame781001 a322p.c24cm(hb) vVol.-111,2023 aVol.-111,2023 aMaujmdar, Hemen ChandraeAuthor966618 2ddccENh577.09541mMAJ c203102d203102 001040708NFICaBL4bBL4d2024-05-21eDBADg1895.00l0o577.09541 MAJpEN-123967r2024-05-21 00:00:00t1v1895.00w2024-05-21yEN